000 00604nam a2200181 i 4500
001 128112
003 ES-MaACL
005 20250402175002.0
007 t|
008 070214s1975 sp |||| |dspa d
100 1 _aRocamora, Pedro,
_d1910-1993
_9156813
245 1 0 _aPensadores españoles contemporáneos /
_cPedro Rocamora.
260 _aMadrid :
_bConsejo Superior de Investigaciones Científicas,
_c1975.
300 _aXII, 335 p. ;
_c22 cm.
710 2 _aConsejo Superior de Investigaciones Científicas (España)
_93236
852 _aES-MaACL
_jE-7735
999 _c128112
_d128112